| 000 | 00967naa a2200253 c 4500 | ||
|---|---|---|---|
| 001 | 48571 | ||
| 003 | ES-MaCES | ||
| 005 | 20161128105623.0 | ||
| 008 | 161128s2016 sp ||||| t||||||| ||spa d | ||
| 040 |
_aES-MaCES _bspa _cES-MaCES _dES-MaCES |
||
| 100 | 1 |
_98792 _aCámara Botía, Alberto |
|
| 245 | 1 | 0 |
_aContrato de trabajo y política _b: del fomento del empleo al apoyo a los emprendedores _cAlberto Cámara Botía |
| 500 | _aResumen | ||
| 650 | 4 |
_928316 _acontrato de trabajo |
|
| 650 | 4 |
_928300 _apolítica de empleo |
|
| 650 | 4 |
_930270 _afomento del empleo |
|
| 650 | 4 |
_930016 _acreación de empresa |
|
| 650 | 4 |
_928188 _aempresario |
|
| 650 | 4 |
_928230 _ainnovación |
|
| 653 | 1 | 0 | _aEmpleo |
| 773 | 0 |
_985474 _dMadrid (Ignacio Ellacuría, 3, 28017) Civitas _o088372 _tNueva revista española de Derecho del trabajo _w(ES-MaCES)25060 _gn. 191 (oct. 2016) {10040 R. 088372} ;p. 23-60 |
|
| 902 | _aART Artículo de revista | ||
| 942 |
_2CES _cAR _h2.0. |
||
| 999 |
_c48571 _d48571 |
||